00564nam a2200193 a 4500001001300000003000900013005001700022008004100039020001000080082001700090100002200107245008100129260005000210300000900260500003500269505000800304650003600312700002200348nice12345678IN_TiNIC20260116011637.0050524s1919 newa grp 000 0 eng  ac10000a297.124bGOL aGoldsack, William aTradition in Islamb Being an Essay on the Origin and Value of Muhaddan Trad aNew DelhibA.P.H.Publishing Corporationc1919 a105p aincludes index and biblioraphy2 aill aHadith-Criticism-interpretation1 aGoldsack, William